The Green Quiz - Statistics

General Stats
  • This quiz has been taken 31 times
  • The average score is 11 of 12
Answer Stats
Picture Answer % Correct
Boa Constrictor
100%
Apple
96%
Frog
96%
Leaf
96%
Christmas Tree
92%
Eye
92%
Parrot
92%
Peacock
92%
Mallard Duck
88%
Lime
84%
Pickles
84%
Aurora Borealis
40%
No matching quizzes found
Score Distribution
Percent of People with Each Score
Percentile by Number Answered
Your Score History
You have not taken this quiz